000 00899cab a2200313 4500
001 ABS48800
008 090401t1993 xxu||||| |||| 00| 0 eng d
035 _a(Sirsi) u68581
041 _aeng
245 _aEstates Times survey: Hertfordshire
260 _c1993
350 _a0
490 _aEstates Times
_v(1195) 25 June 1993, 12-33(19)
650 _aBOREHAMWOOD
650 _aCROXLEY BUSINESS PARK
650 _aHATFIELD
650 _aHEMEL HEMPSTEAD
650 _aHERTFORD
650 _aHERTFORDSHIRE
650 _aLETCHWORTH
650 _aPROPERTY-COMMERCIAL PROPERTY-OFFICE PROPERTY-OFFICE PROPERTY MARKET
650 _aPROPERTY-COMMERCIAL PROPERTY-RETAIL PROPERTY-RETAIL PROPERTY MARKET
650 _aST ALBANS
650 _aSTEVENAGE
650 _aWATFORD
690 _aPROPERTY-COMMERCIAL PROPERTY-COMMERCIAL PROPERTY MARKET
942 _n0
948 _c04/03/1997
999 _c43029
_d43029